[Event "TCh-CZE Liga1 Vychod"]
[Site "Czech Rep CZE"]
[Date "2012.01.29"]
[Round "7.5"]
[White "Sobek,J"]
[Black "Rubal,A"]
[Result "1/2-1/2"]
[WhiteTitle "FM"]
[WhiteElo "2267"]
[BlackElo "2232"]
[WhiteTeam "Sachovy klub Karvina"]
[BlackTeam "SK Zlin B"]
[WhiteFideId "301388"]
[BlackFideId "318663"]
[EventDate "2011.10.02"]

1. d4 g6 2. e4 Bg7 3. Nc3 d6 4. Be3 a6 5. Qd2 b5 6. h4 h6 7. Nge2 Nd7 8. Ng3 Nb6
9. b3 c5 10. Rd1 cxd4 11. Bxd4 Nf6 12. Be2 O-O 13. h5 g5 14. O-O Be6 15. Qe3
Nbd7 16. f4 gxf4 17. Rxf4 b4 18. Na4 Qc7 19. c4 bxc3 20. Bxc3 Rfc8 21. Nf5 Bxf5
22. Rxf5 Ne5 23. Bxe5 dxe5 24. Rdf1 Rd8 25. Bc4 Rd4 26. Nc3 Rad8 27. Nd5 Qc5 28.
Nxf6+ exf6 29. Qf2 a5 30. Kh1 Rxc4 31. bxc4 Qxc4 32. Re1 Rd4 33. Qe2 Qb4 34. Rf3
Rd2 35. Qe3 Rxa2 36. Rg3 Ra3 37. Qf2 Rxg3 38. Qxg3 a4 39. Re3 a3 40. Rxa3 Qxe4
41. Qf3 Qe1+ 42. Kh2 Qh4+ 43. Qh3 Qf4+ 44. Qg3 Qe4 45. Qf3 Qh4+ 46. Qh3 Qf4+ 47.
Qg3 Qe4 48. Qf3 Qh4+ 49. Qh3 Qf4+ 50. Qg3 Qe4 1/2-1/2

[Event "TCh-CZE Liga1 Vychod"]
[Site "Czech Rep CZE"]
[Date "2012.01.29"]
[Round "7.7"]
[White "Lys,J"]
[Black "Koutny,Pe"]
[Result "1-0"]
[WhiteTitle "FM"]
[WhiteElo "2184"]
[BlackElo "2156"]
[WhiteTeam "Sachovy klub Karvina"]
[BlackTeam "SK Zlin B"]
[WhiteFideId "302244"]
[BlackFideId "310743"]
[EventDate "2011.10.02"]

1. d4 d5 2. c4 Nc6 3. Nf3 Bg4 4. e3 e5 5. Be2 exd4 6. cxd5 Qxd5 7. O-O O-O-O 8.
exd4 Bxf3 9. Bxf3 Qxd4 10. Qb3 Qf6 11. Nc3 Rd3 12. Be3 Nge7 13. Qb5 Rd8 14. Bxa7
Qe5 15. Bc5 Nf5 16. Bxc6 bxc6 17. Qa6+ Kd7 18. Bxf8 Rhxf8 19. Rfe1 Qc5 20. Ne4
Qb6 21. Rad1+ Nd6 22. Rxd6+ 1-0

[Event "TCh-CZE Liga1 Vychod"]
[Site "Czech Rep CZE"]
[Date "2012.01.29"]
[Round "7.8"]
[White "Dubina,P"]
[Black "Zimniok,L"]
[Result "1-0"]
[WhiteElo "2161"]
[BlackElo "2125"]
[WhiteTeam "SK Zlin B"]
[BlackTeam "Sachovy klub Karvina"]
[WhiteFideId "310786"]
[BlackFideId "307343"]
[EventDate "2011.10.02"]

1. d4 Nf6 2. Nf3 d6 3. g3 g6 4. Bg2 Bg7 5. O-O O-O 6. c4 c6 7. Nc3 Qc7 8. Bg5 h6
9. Bf4 Nh5 10. Bd2 e5 11. e3 Be6 12. d5 Bd7 13. Nh4 a5 14. e4 Na6 15. Nf5 Bxf5
16. exf5 Nf6 17. fxg6 fxg6 18. Be3 c5 19. h3 Rae8 20. Qc2 g5 21. Rae1 Qd7 22. a3
Re7 23. Kh2 Qe8 24. Ne4 Nxe4 25. Bxe4 b5 26. cxb5 Qxb5 27. Bd3 Qb6 28. Qc4 Nc7
29. Qe4 Rf6 30. h4 gxh4 31. gxh4 Nb5 32. b4 Nd4 33. bxc5 dxc5 34. Rb1 Qd6 35.
Qh7+ Kf8 36. Be4 a4 37. Rfc1 Kf7 38. Rg1 Kf8 39. Rg3 c4 40. Rbg1 Qd7 41. Rxg7
Ref7 42. Qh8+ Ke7 43. Rxf7+ 1-0

[Event "TCh-SVK Extraliga 2011-12"]
[Site "Slovakia SVK"]
[Date "2012.02.11"]
[Round "7.1"]
[White "Neuman,P"]
[Black "Stocek,J"]
[Result "1/2-1/2"]
[WhiteTitle "IM"]
[BlackTitle "GM"]
[WhiteElo "2463"]
[BlackElo "2600"]
[WhiteTeam "SK MAGIC Liptov"]
[BlackTeam "7 Statocnych Kosice"]
[WhiteFideId "305243"]
[BlackFideId "304760"]
[EventDate "2011.10.22"]

1. d4 Nf6 2. c4 e6 3. Nc3 Bb4 4. e3 Nc6 5. Ne2 d5 6. a3 Be7 7. cxd5 Nxd5 8. Nxd5
exd5 9. Nf4 O-O 10. Qf3 Be6 11. Bd3 Qd7 12. O-O f5 13. Nxe6 Qxe6 14. Bd2 Bd6 15.
b4 a6 16. g3 Kh8 17. Rfb1 Ne7 18. a4 g5 19. b5 axb5 20. axb5 g4 21. Qd1 Kg7 22.
Rxa8 Rxa8 23. Ra1 Rxa1 24. Qxa1 Kf6 25. f3 Bb4 26. Qb2 Bxd2 27. Qxd2 gxf3 28.
Kf2 Nc8 29. Qd1 Nd6 30. Qxf3 Ne4+ 31. Bxe4 dxe4 32. Qf4 Qa2+ 33. Kg1 Qb1+ 34.
Kg2 Qxb5 35. Qh6+ Ke7 36. Qxh7+ Kd6 37. Qg6+ Kd7 38. Qf7+ 1/2-1/2

[Event "TCh-SVK Extraliga 2011-12"]
[Site "Slovakia SVK"]
[Date "2012.02.11"]
[Round "7.2"]
[White "Vovk,Y"]
[Black "Hausner,I"]
[Result "1/2-1/2"]
[WhiteTitle "GM"]
[BlackTitle "IM"]
[WhiteElo "2577"]
[BlackElo "2407"]
[WhiteTeam "7 Statocnych Kosice"]
[BlackTeam "SK MAGIC Liptov"]
[WhiteFideId "14113171"]
[BlackFideId "300110"]
[EventDate "2011.10.22"]

1. d4 Nf6 2. c4 g6 3. Nc3 d5 4. Bg5 Ne4 5. Bh4 Nxc3 6. bxc3 c5 7. cxd5 Qxd5 8.
e3 Nc6 9. Nf3 cxd4 10. cxd4 e5 11. Be2 Bb4+ 12. Kf1 exd4 13. Nxd4 Nxd4 14. Bf6
O-O 15. Qxd4 Qxd4 16. Bxd4 Be6 17. Bf3 Rac8 18. Bxb7 Rc2 19. Be4 Rd2 20. Bxa7
Rfd8 21. g4 Bc3 22. Rc1 Rxa2 23. Rxc3 Rxa7 24. h3 Ra2 25. Kg2 Rdd2 26. Rf1 Kg7
27. Kg3 Bd5 28. Bxd5 Rxd5 29. Rc7 Rdd2 30. g5 Re2 31. h4 Rec2 32. Rxc2 Rxc2 33.
Rd1 h6 34. Rd7 hxg5 35. hxg5 Rc1 36. Kf4 Rg1 37. f3 Kf8 38. e4 Kg7 39. Rd8 Rg2
40. Rd1 Ra2 41. Ke5 Ra5+ 42. Rd5 Ra1 43. f4 Re1 44. Rd4 Re2 45. Kd6 Rf2 46. e5
Kf8 47. Kd7 Ra2 48. Kd6 Ra6+ 49. Kd5 Ra5+ 50. Ke4 Ra1 51. Rd6 Re1+ 52. Kd5 Rd1+
53. Kc6 Ra1 54. Rf6 Kg7 55. Kd7 Ra7+ 56. Ke8 Ra8+ 57. Ke7 Ra7+ 58. Kd6 Ra1 59.
Kd5 Ra4 60. Kc5 Re4 61. Kd6 Ra4 62. Kd5 Rb4 63. f5 gxf5 64. Rxf5 Ra4 65. Rf6 Rg4
66. Rf5 Kg6 67. Rf1 Rxg5 68. Kd6 Kg7 69. Rf6 Rg6 70. Rxg6+ Kxg6 71. e6 fxe6 72.
Kxe6 1/2-1/2

[Event "TCh-SVK Extraliga 2011-12"]
[Site "Slovakia SVK"]
[Date "2012.02.11"]
[Round "7.5"]
[White "Komora,A"]
[Black "Salai,L"]
[Result "1/2-1/2"]
[BlackTitle "IM"]
[WhiteElo "2314"]
[BlackElo "2355"]
[WhiteTeam "SK MAGIC Liptov"]
[BlackTeam "7 Statocnych Kosice"]
[WhiteFideId "14900840"]
[BlackFideId "14900050"]
[EventDate "2011.10.22"]

1. e4 c5 2. Nf3 Nc6 3. d4 cxd4 4. Nxd4 Nf6 5. Nc3 e5 6. Ndb5 d6 7. Bg5 a6 8. Na3
b5 9. Nd5 Be7 10. Bxf6 Bxf6 11. c3 Bg5 12. Bd3 Ne7 13. Nxe7 Qxe7 14. Nc2 O-O 15.
O-O Be6 16. Qe2 g6 17. a4 bxa4 18. Rxa4 a5 19. Rfa1 Qb7 20. b4 axb4 21. cxb4
Rxa4 22. Rxa4 Bb3 23. Ra6 Bxc2 24. Bxc2 Qxb4 25. g3 Rb8 26. Bd3 Qd4 27. Ra2 d5
28. exd5 Qxd5 29. Ra7 Rb4 30. Qa2 Qxa2 31. Rxa2 e4 32. Bc2 e3 33. fxe3 Bxe3+ 34.
Kg2 f5 35. Kf3 Bb6 36. Ba4 Kg7 37. Bc6 g5 38. Rd2 h5 39. Bd7 Kf6 40. Rd6+ Ke7
41. Rd2 Rb3+ 42. Kg2 Ba5 43. Rd5 Rb2+ 44. Kh1 Rb1+ 45. Kg2 Rb2+ 46. Kh1 1/2-1/2

[Event "TCh-SVK Extraliga 2011-12"]
[Site "Slovakia SVK"]
[Date "2012.02.11"]
[Round "7.6"]
[White "Frindt,K"]
[Black "Csolto,R"]
[Result "0-1"]
[WhiteElo "2223"]
[BlackElo "2267"]
[WhiteTeam "7 Statocnych Kosice"]
[BlackTeam "SK MAGIC Liptov"]
[WhiteFideId "14901617"]
[BlackFideId "14902915"]
[EventDate "2011.10.22"]

1. e4 c5 2. Nf3 d6 3. d4 cxd4 4. Nxd4 Nf6 5. Nc3 a6 6. Be3 Ng4 7. Bg5 h6 8. Bh4
g5 9. Bg3 Bg7 10. Qd2 Nc6 11. Nb3 Nge5 12. h4 g4 13. h5 b5 14. Be2 Be6 15. O-O
Nc4 16. Qc1 Nxb2 17. Qxb2 b4 18. e5 bxc3 19. Qxc3 Nxe5 20. Nd4 Bd7 21. Qe3 Qa5
22. c4 Qc5 23. Rac1 Rc8 24. Nb3 Qxe3 25. fxe3 Be6 26. c5 Bxb3 27. axb3 Rxc5 28.
Rxc5 dxc5 29. Bxa6 O-O 30. Rf5 Nd7 31. Rd5 Nf6 32. Rf5 e6 33. Rf4 Nxh5 34. Rxg4
f5 35. Rg6 Kf7 36. Rxg7+ Nxg7 37. Bd6 Ra8 38. Bc4 Rc8 39. Bf4 h5 40. Be5 Ne8 41.
Be2 Nf6 42. Bxf6 Kxf6 43. Kf2 h4 44. Ke1 Ke5 45. Bc4 Ra8 46. Kf2 Ra2+ 47. Kf3
Rb2 0-1

[Event "TCh-SVK Extraliga 2011-12"]
[Site "Slovakia SVK"]
[Date "2012.02.11"]
[Round "7.2"]
[White "Velicka,P"]
[Black "Polak,T"]
[Result "0-1"]
[WhiteTitle "GM"]
[BlackTitle "GM"]
[WhiteElo "2462"]
[BlackElo "2543"]
[WhiteTeam "MSK KdV Kezmarok"]
[BlackTeam "SK Prievidza"]
[WhiteFideId "300659"]
[BlackFideId "300560"]
[EventDate "2011.10.22"]

1. e4 e5 2. Nf3 Nc6 3. Bc4 Nf6 4. d3 Bc5 5. c3 d6 6. Bb3 h6 7. h3 a6 8. O-O Ba7
9. Re1 O-O 10. Nbd2 Ne7 11. Nf1 Be6 12. Ng3 Qd7 13. Bc2 Ng6 14. d4 Qc8 15. Nf5
Re8 16. g4 exd4 17. cxd4 d5 18. e5 Ne4 19. Rxe4 dxe4 20. Bxe4 Qd7 21. Bxb7 Rad8
22. Be4 Bd5 23. Qc2 c5 24. Bxh6 Bxe4 25. Qxe4 gxh6 26. Nxh6+ Kf8 27. Ng5 Qxd4
28. Nh7+ Kg7 29. Nf5+ Kxh7 30. Nxd4 Rxd4 31. Qb7 Re7 32. Qxa6 Nxe5 33. a4 c4 34.
Qf6 Ng6 35. Rf1 Rf4 36. Qa6 Bd4 37. Qb5 Re2 38. Kh1 Bxf2 39. b3 Re3 40. bxc4
Rxh3+ 41. Kg2 Rg3+ 42. Kh1 Kg7 43. a5 Bd4 44. Rxf4 Rh3+ 0-1

[Event "TCh-SVK Extraliga 2011-12"]
[Site "Slovakia SVK"]
[Date "2012.02.11"]
[Round "7.3"]
[White "Michalik,P"]
[Black "Mazur,Ste"]
[Result "1-0"]
[WhiteTitle "GM"]
[BlackTitle "IM"]
[WhiteElo "2511"]
[BlackElo "2372"]
[WhiteTeam "SK Prievidza"]
[BlackTeam "MSK KdV Kezmarok"]
[WhiteFideId "14907526"]
[BlackFideId "14909332"]
[EventDate "2011.10.22"]

1. c3 d5 2. Nf3 Nf6 3. d4 Bf5 4. Bf4 Nbd7 5. Nbd2 e6 6. Qb3 Nb6 7. Nh4 Nh5 8.
Bg3 Bg6 9. a4 Be7 10. Nhf3 Nxg3 11. hxg3 O-O 12. Ne5 c5 13. e3 Nd7 14. Nxg6 hxg6
15. Nf3 Qc7 16. Be2 Rab8 17. Rh3 c4 18. Qc2 b5 19. O-O-O f5 20. Rdh1 Kf7 21. g4
b4 22. gxf5 exf5 23. cxb4 Rxb4 24. Rh8 Rxh8 25. Rxh8 Qa5 26. Bd1 c3 27. b3 Rb7
28. Be2 Qb4 29. Bb5 Qa3+ 30. Kd1 a6 31. Bc6 Rc7 32. Bxd7 Qa1+ 33. Ke2 Rxd7 34.
Ne5+ Ke6 35. Nxg6 Qb2 36. Kd3 Rb7 37. Nf4+ Kd6 38. Ra8 Rb6 39. Ne2 Rxb3 40.
Rxa6+ Kd7 41. Ra7+ Kd8 42. Ra5 Bb4 43. Rxd5+ Ke7 44. Nc1 Ra3 45. Rb5 g6 46. f3
Ra1 47. Nb3 Re1 48. Re5+ Kf6 49. a5 Qb1 50. Qxb1 Rxb1 51. Rb5 Rxb3 52. a6 Rb1
53. Kc2 Rb2+ 54. Kc1 Ra2 55. Rb6+ Kf7 56. Rxb4 Rxa6 57. Kc2 Ra2+ 58. Kxc3 Rxg2
59. Rb7+ Ke6 60. e4 Rg3 61. d5+ Ke5 62. Re7+ Kd6 63. Re6+ Kd7 64. e5 Rxf3+ 65.
Kc4 Re3 66. Kd4 Re4+ 67. Kc5 Re1 68. Rd6+ Ke7 69. Rxg6 Rxe5 70. Kc6 Re1 71. d6+
Kf7 72. Rh6 Rc1+ 73. Kd7 Rc2 74. Kd8 Rc1 75. d7 Rc5 76. Rh7+ Kf8 77. Re7 Ra5 78.
Re8+ Kf7 79. Kc7 Ra7+ 80. Kd6 Ra6+ 81. Ke5 1-0

[Event "TCh-SVK Extraliga 2011-12"]
[Site "Slovakia SVK"]
[Date "2012.02.11"]
[Round "7.5"]
[White "Dobrotka,M"]
[Black "Hagara,E"]
[Result "1/2-1/2"]
[BlackTitle "IM"]
[WhiteElo "2259"]
[BlackElo "2388"]
[WhiteTeam "SK Prievidza"]
[BlackTeam "MSK KdV Kezmarok"]
[WhiteFideId "14900645"]
[BlackFideId "14901943"]
[EventDate "2011.10.22"]

1. d4 d5 2. c4 dxc4 3. Nf3 Nf6 4. e3 e6 5. Bxc4 c5 6. O-O a6 7. dxc5 Bxc5 8.
Qxd8+ Kxd8 9. Nbd2 Ke7 10. Nb3 Bd6 11. Rd1 Nbd7 12. Bd2 b6 13. Nbd4 Bb7 14. Be2
Rhc8 15. Be1 g6 16. Nd2 e5 17. N4b3 Bd5 18. Rac1 b5 19. Rxc8 Rxc8 20. Rc1 Ra8
21. a3 Nb6 22. f3 Na4 23. Rc2 Nd7 24. Na5 f6 25. e4 Be6 26. b4 Ndb6 27. Ndb3 Rc8
28. Rxc8 Bxc8 29. Kf2 Be6 30. Bd2 Nc4 31. Nxc4 bxc4 32. Na5 Nb2 33. Bc3 Na4 1/2-1/2

[Event "TCh-SVK Extraliga 2011-12"]
[Site "Slovakia SVK"]
[Date "2012.02.11"]
[Round "7.6"]
[White "Bednar,Mil"]
[Black "Kaniansky,M"]
[Result "1/2-1/2"]
[WhiteElo "2272"]
[BlackElo "2199"]
[WhiteTeam "MSK KdV Kezmarok"]
[BlackTeam "SK Prievidza"]
[WhiteFideId "14902656"]
[BlackFideId "14902796"]
[EventDate "2011.10.22"]

1. d4 d5 2. c4 c6 3. Nf3 Nf6 4. g3 g6 5. Bg2 Bg7 6. O-O O-O 7. Ne5 Be6 8. Qc2
Nbd7 9. cxd5 cxd5 10. Bf4 Qb6 11. Rd1 Rac8 12. Nc3 Nxe5 13. Bxe5 Rfd8 14. Qd2
Ne8 15. Bf4 Rc4 16. Be3 Qc6 17. Rac1 Rc8 18. Qe1 Nd6 19. Bg5 f6 20. Bd2 Rxd4 21.
Nxd5 Qd7 22. Bc3 Rxd1 23. Rxd1 Kf7 24. e4 Qb5 25. a3 Bg4 26. Rd4 e5 27. Bf1 Qc6
28. Rd3 Be6 29. Qd1 Nxe4 30. Bb4 Bf8 31. Bg2 f5 32. Bxf8 Kxf8 33. Nf6 Qc1 34.
Nxe4 fxe4 35. Bxe4 Qxd1+ 36. Rxd1 Rc7 37. Kg2 Kf7 38. h4 Kf6 39. Rd2 b6 40. Kf3
h6 41. Ke3 g5 42. hxg5+ hxg5 43. Rd8 Rc8 44. Rd1 Rh8 45. Rc1 Rd8 46. Rc7 Rd7 47.
Rc6 Ke7 48. Bd3 Rd6 49. Rc1 Bd5 50. Bb5 Rf6 51. Be2 Rc6 52. Rd1 Be6 53. Bd3 Bd5
54. Bf5 Kf6 55. Bb1 Rc5 56. Bh7 g4 57. Rd2 Be6 58. Rc2 Rxc2 59. Bxc2 Bd7 60. Be4
Ba4 61. Kd2 Bb5 62. Bb7 Kf5 63. Ke3 Bd7 64. Ba6 Kf6 65. Bb7 Bf5 66. Ba6 Bd7 67.
Be2 Bf5 68. Bd1 Ke7 69. Bb3 Kf6 70. Bd5 Bd7 71. Kd3 Bc8 72. Kc3 Ke7 73. Be4 Kd6
74. Kb4 Bd7 75. Kc4 a6 76. Bb7 Bb5+ 77. Kc3 a5 78. Be4 Kc5 79. Bb7 Bd7 80. Be4
Be6 81. b4+ axb4+ 82. axb4+ Kd6 83. Bb7 Kc7 84. Bg2 Kd6 85. Kd3 Bd7 86. Kc4 Bf5
87. Bb7 Bd7 88. Be4 Be6+ 89. Kb5 Kc7 90. Bg6 Bd7+ 91. Kc4 Kd6 92. Be4 1/2-1/2

[Event "TCh-SVK Extraliga 2011-12"]
[Site "Slovakia SVK"]
[Date "2012.02.11"]
[Round "7.7"]
[White "Hanko,P"]
[Black "Tropp,L"]
[Result "1-0"]
[WhiteElo "2138"]
[BlackElo "2107"]
[WhiteTeam "SK Prievidza"]
[BlackTeam "MSK KdV Kezmarok"]
[WhiteFideId "14900262"]
[BlackFideId "14911370"]
[EventDate "2011.10.22"]

1. d4 Nf6 2. Nf3 e6 3. c4 Bb4+ 4. Bd2 c5 5. g3 O-O 6. Bg2 d6 7. O-O Nc6 8. a3
Bxd2 9. Qxd2 e5 10. e3 Bg4 11. d5 Bxf3 12. Bxf3 Nb8 13. Nc3 a6 14. b4 Nbd7 15.
Rab1 Rb8 16. Rb2 cxb4 17. axb4 Rc8 18. Be2 Nb6 19. c5 dxc5 20. d6 cxb4 21. Rxb4
Rc6 22. Rd1 a5 23. Rb2 Qc8 24. Nb5 Rc5 25. Qxa5 Nbd5 26. Qa3 b6 27. Rbd2 e4 28.
Qb3 Qc6 29. Rd4 Rd8 30. Bc4 Rxc4 31. Rxc4 Qd7 32. Rcd4 Qh3 33. Rxd5 Ng4 34. Rf5
Rd7 35. Qc4 g6 36. Rf4 Nxh2 37. Qxe4 Qh5 38. Qe8+ Kg7 39. Qxd7 1-0

[Event "TCh-SVK Extraliga 2011-12"]
[Site "Slovakia SVK"]
[Date "2012.02.11"]
[Round "7.8"]
[White "Tropp,F"]
[Black "Detko,Ja"]
[Result "1/2-1/2"]
[WhiteElo "2091"]
[BlackElo "2130"]
[WhiteTeam "MSK KdV Kezmarok"]
[BlackTeam "SK Prievidza"]
[WhiteFideId "14905060"]
[BlackFideId "14902508"]
[EventDate "2011.10.22"]

1. e4 b6 2. d4 Bb7 3. Nc3 e6 4. a3 Nf6 5. Bd3 d5 6. e5 Nfd7 7. Nce2 Ba6 8. Nf3
c5 9. c3 Bxd3 10. Qxd3 c4 11. Qc2 Nc6 12. O-O Na5 13. Bg5 Qc7 14. Nd2 h6 15. Be3
O-O-O 16. a4 Nb8 17. Rfb1 Kb7 18. b3 cxb3 19. Nxb3 Nbc6 20. Nd2 Nb8 21. Qd3 Rc8
22. Nb3 Nbc6 23. Nc5+ Ka8 24. Na6 Qd7 25. Qb5 Nb8 26. Qd3 Rc4 27. Nxb8 Kxb8 28.
Rb5 Be7 29. Qb1 Ka8 30. Bd2 Rb8 31. h3 Qc6 32. Ng3 a6 33. Rb2 Ka7 34. Rba2 Qc7
35. Qd1 f5 36. exf6 gxf6 37. Rb1 Bd6 38. Nf1 Bf4 39. Bxf4 Qxf4 40. Qh5 Rb7 41.
Qe8 Rxc3 42. Qxe6 Qxd4 43. Rd2 Qxa4 44. Rxd5 Rc6 45. Qe8 Qf4 46. Rbd1 Rc2 47.
Nd2 Rb8 48. Qg6 Rbc8 49. g3 Qb4 50. Rd7+ R2c7 51. Ne4 Qa4 52. R7d4 Qc6 53. Rd6
Qe8 54. Qg4 Nb7 55. Nxf6 Qf7 56. Re6 Rc1 57. Rxc1 Rxc1+ 58. Kg2 Nc5 59. Rd6 Nb7
60. Re6 Nc5 61. Rd6 Nb7 62. Re6 Nc5 1/2-1/2

[Event "TCh-SVK Extraliga 2011-12"]
[Site "Slovakia SVK"]
[Date "2012.02.11"]
[Round "7.1"]
[White "Hracek,Z"]
[Black "Bokros,A"]
[Result "1-0"]
[WhiteTitle "GM"]
[BlackTitle "IM"]
[WhiteElo "2624"]
[BlackElo "2452"]
[WhiteTeam "SK PK Trencin"]
[BlackTeam "SK Dunajska Streda"]
[WhiteFideId "300071"]
[BlackFideId "710458"]
[EventDate "2011.10.22"]

1. c4 e5 2. g3 Nf6 3. Bg2 d5 4. cxd5 Nxd5 5. Nc3 Nb6 6. Nf3 Nc6 7. O-O Be7 8. a3
O-O 9. b4 Be6 10. Bb2 Nc4 11. Qc2 a5 12. b5 Nd4 13. Nxd4 exd4 14. Na4 d3 15.
exd3 Nxb2 16. Nxb2 Bd5 17. Bxd5 Qxd5 18. Qxc7 Bf6 19. Rab1 Rfc8 20. Qf4 Rc2 21.
Nc4 Qxd3 22. Rbc1 h6 23. Qc7 Rd8 24. b6 Rxc1 25. Rxc1 Rd7 26. a4 Bd4 27. Ne3 Bf6
28. Qc5 Qe2 29. Qc8+ Rd8 30. Qxb7 Rxd2 31. Qc8+ Rd8 32. b7 Qb2 33. Rd1 Rf8 34.
Nd5 Bd4 35. Rxd4 1-0

[Event "TCh-SVK Extraliga 2011-12"]
[Site "Slovakia SVK"]
[Date "2012.02.11"]
[Round "7.2"]
[White "Rachela,M"]
[Black "Meszaros,Mi"]
[Result "0-1"]
[WhiteTitle "IM"]
[BlackTitle "IM"]
[WhiteElo "2375"]
[BlackElo "2377"]
[WhiteTeam "SK Dunajska Streda"]
[BlackTeam "SK PK Trencin"]
[WhiteFideId "14903180"]
[BlackFideId "14905329"]
[EventDate "2011.10.22"]

1. Nf3 Nf6 2. c4 g6 3. Nc3 d5 4. cxd5 Nxd5 5. Qa4+ c6 6. Qd4 f6 7. a3 Bg7 8. e4
e5 9. Qd3 Nxc3 10. Qxc3 f5 11. h4 fxe4 12. Ng5 Bf5 13. Bc4 Qd7 14. Bf7+ Kd8 15.
Ba2 Kc7 16. Qe3 Bh6 17. b4 Bxg5 18. Qxg5 Qd8 19. Bb2 Nd7 20. Qg3 Qe7 21. Rc1
Rhe8 22. O-O Rad8 23. b5 Nc5 24. Qc3 b6 25. Qb4 cxb5 26. a4 Kb7 27. Ba3 Rd4 28.
Qxb5 Bd7 29. Qb1 Rc8 30. a5 Ra4 31. Bd5+ Ka6 32. axb6 axb6 33. Rc3 Qd6 34. Bb3
Rxa3 35. Bc4+ b5 36. Rxa3+ Kb6 37. Be2 Qxd2 38. Ra2 Qd4 39. Qe1 b4 40. Qb1 Nd3
41. Qa1 Qxa1 42. Raxa1 Rc2 43. Bd1 Rb2 44. Ra8 Bc6 45. Rb8+ Kc7 46. Rh8 e3 47.
Rxh7+ Kb6 48. Rh6 e2 49. Bxe2 Rxe2 50. Rxg6 b3 51. h5 b2 52. Rg4 e4 53. h6 Re1
54. Rxe1 Nxe1 55. h7 b1=Q 56. Kh2 Qb2 57. Rg8 e3 58. fxe3 Qe5+ 0-1

[Event "TCh-SVK Extraliga 2011-12"]
[Site "Slovakia SVK"]
[Date "2012.02.11"]
[Round "7.3"]
[White "Maslik,M"]
[Black "Petenyi,T"]
[Result "1/2-1/2"]
[BlackTitle "FM"]
[WhiteElo "2356"]
[BlackElo "2347"]
[WhiteTeam "SK PK Trencin"]
[BlackTeam "SK Dunajska Streda"]
[WhiteFideId "14902192"]
[BlackFideId "14909090"]
[EventDate "2011.10.22"]

1. d4 d5 2. c4 Nc6 3. Nf3 Bg4 4. Nc3 e6 5. Bf4 dxc4 6. e3 Bd6 7. h3 Bh5 8. Bxd6
cxd6 9. Bxc4 d5 10. Bb5 Ne7 11. Rc1 a6 12. Be2 b5 13. O-O O-O 14. Ne1 Bxe2 15.
Nxe2 Qb6 16. Nd3 Rfc8 17. Nef4 Rc7 18. Nc5 Rac8 19. Qg4 Ne5 20. Qg5 N5g6 21.
Nfd3 h6 22. Qg4 Nf5 23. Rc3 a5 24. a3 Kh7 25. Rfc1 Qd6 26. b3 Qe7 27. R1c2 1/2-1/2

[Event "TCh-SVK Extraliga 2011-12"]
[Site "Slovakia SVK"]
[Date "2012.02.11"]
[Round "7.4"]
[White "Csonka,A1"]
[Black "Tibensky,R"]
[Result "1-0"]
[WhiteTitle "IM"]
[BlackTitle "IM"]
[WhiteElo "2380"]
[BlackElo "2410"]
[WhiteTeam "SK Dunajska Streda"]
[BlackTeam "SK PK Trencin"]
[WhiteFideId "716529"]
[BlackFideId "14900106"]
[EventDate "2011.10.22"]

1. e4 e6 2. d4 d5 3. Nd2 Nf6 4. e5 Nfd7 5. Bd3 c5 6. c3 Nc6 7. Ne2 cxd4 8. cxd4
f6 9. exf6 Qxf6 10. Nf3 h6 11. O-O Bd6 12. Ng3 O-O 13. Bc2 Rd8 14. a3 Nf8 15. b4
Bd7 16. Bb2 Be8 17. Qe2 Bg6 18. Bb3 Bc7 19. Rad1 Bb6 20. Rfe1 Rac8 21. Qd2 Rc7
22. Re2 Rdc8 23. Rde1 Kh8 24. Kh1 Rf7 25. Bc3 a6 26. a4 Rfc7 27. b5 axb5 28.
axb5 Ne7 29. Bb4 Be8 30. Bd6 Rc3 31. Bxe7 Qxe7 32. Bxd5 Bxb5 33. Bxe6 Bxe2 34.
Bxc8 Rxc8 35. Rxe2 Qa3 36. h3 Qc1+ 37. Kh2 Qxd2 38. Rxd2 Rd8 39. Nf5 Bc7+ 40. g3
Kh7 41. Kg2 g6 42. Ne3 Kg7 43. Rb2 b6 44. Rc2 Ne6 45. d5 Nc5 46. Nd4 Be5 47. Nc6
Re8 48. Nc4 Bc7 49. Ra2 b5 50. Ra7 bxc4 51. Rxc7+ Kf6 52. Na5 Nd3 53. Nxc4 Re2
54. Rc6+ Kg7 55. Kf3 Rc2 56. Ke3 Nb4 57. Kd4 Rxf2 58. Rb6 Nc2+ 59. Kc5 Rf1 60.
Ne5 g5 61. Rb7+ Kf8 62. d6 Ne3 63. d7 Rc1+ 64. Kb5 Rb1+ 65. Ka6 Ra1+ 66. Kb6
Rb1+ 67. Ka7 Rd1 68. Nc6 1-0

[Event "TCh-SVK Extraliga 2011-12"]
[Site "Slovakia SVK"]
[Date "2012.02.11"]
[Round "7.5"]
[White "Pinter,E"]
[Black "Varga,Dav"]
[Result "1-0"]
[WhiteTitle "IM"]
[BlackTitle "FM"]
[WhiteElo "2383"]
[BlackElo "2355"]
[WhiteTeam "SK PK Trencin"]
[BlackTeam "SK Dunajska Streda"]
[WhiteFideId "14902826"]
[BlackFideId "14911515"]
[EventDate "2011.10.22"]

1. e4 e5 2. Nf3 Nf6 3. Nxe5 d6 4. Nf3 Nxe4 5. Nc3 Nxc3 6. dxc3 Be7 7. Be3 Nc6 8.
Qd2 Be6 9. O-O-O Qd7 10. Kb1 Ne5 11. Nd4 Nc4 12. Bxc4 Bxc4 13. Bg5 f6 14. Bf4
O-O 15. h4 Bf7 16. g4 Qxg4 17. h5 Kh8 18. Rdg1 Qd7 19. Qd3 Rg8 20. Nf5 g5 21.
hxg6 Rxg6 22. b3 Rxg1+ 23. Rxg1 Be6 24. Nxe7 Qxe7 25. Qe3 Qf7 26. Bh6 Rg8 27.
Rxg8+ Qxg8 28. Qxa7 Qg6 29. Qb8+ Bg8 30. Qf8 Qf7 31. Qd8 Qg6 32. Bf8 h5 33. Be7
Qf7 1-0

[Event "TCh-SVK Extraliga 2011-12"]
[Site "Slovakia SVK"]
[Date "2012.02.11"]
[Round "7.6"]
[White "Svana,P"]
[Black "Malinovsky,K"]
[Result "1/2-1/2"]
[BlackTitle "FM"]
[WhiteElo "2258"]
[BlackElo "2357"]
[WhiteTeam "SK Dunajska Streda"]
[BlackTeam "SK PK Trencin"]
[WhiteFideId "14910381"]
[BlackFideId "313874"]
[EventDate "2011.10.22"]

1. Nf3 c5 2. c4 Nc6 3. Nc3 Nf6 4. g3 g6 5. Bg2 Bg7 6. O-O O-O 7. d4 cxd4 8. Nxd4
Nxd4 9. Qxd4 d6 10. Qh4 Qc7 11. Bg5 Be6 12. b3 Rfe8 13. Nb5 Qd7 14. Rad1 Ng4 15.
h3 h6 16. Bxe7 Nxf2 17. Rxf2 Qxe7 18. Nxd6 Rad8 19. c5 Qxh4 20. gxh4 Re7 21.
Rff1 b6 22. c6 Kh7 23. h5 Be5 24. hxg6+ fxg6 25. Nb5 Rde8 26. e3 Kg7 27. Nd4 Bc8
28. Rd2 h5 29. Nc2 Bf6 30. Rd6 Bg5 31. e4 Re6 32. Rfd1 Rxd6 33. Rxd6 Bf4 34. Rd1
Re6 35. Nb4 Bd6 36. Nd3 Ba6 37. e5 Bf8 38. Bd5 Re8 39. Kg2 g5 40. e6 Bd6 41. Nf2
Bf4 42. Bf3 Rxe6 43. Rd7+ Kg6 44. Rxa7 Be2 45. Be4+ Kf6 46. Rb7 Re7 47. Rxb6 Bc7
48. Rb7 g4 49. hxg4 hxg4 50. Rb4 Re5 51. a4 Rh5 52. Rb7 Rh2+ 53. Kg1 g3 54. Ng4+
Bxg4 55. Rxc7 Re2 56. Bd3 Re3 57. Bc4 Bh3 58. Rf7+ Kg6 59. c7 Re1+ 60. Rf1 Bxf1
61. Bxf1 Rc1 62. Kg2 Rxc7 63. Bc4 Kf5 64. Kxg3 Ke5 65. a5 1/2-1/2

[Event "TCh-SVK Extraliga 2011-12"]
[Site "Slovakia SVK"]
[Date "2012.02.11"]
[Round "7.7"]
[White "Kubala,J"]
[Black "Bezuch,M"]
[Result "1-0"]
[WhiteElo "2240"]
[BlackElo "2210"]
[WhiteTeam "SK PK Trencin"]
[BlackTeam "SK Dunajska Streda"]
[WhiteFideId "14905973"]
[BlackFideId "14906333"]
[EventDate "2011.10.22"]

1. e4 g6 2. d4 Bg7 3. Nf3 d6 4. Be2 Nd7 5. O-O e6 6. Bg5 Ne7 7. Qd2 h6 8. Be3
Nf6 9. Nc3 Ng4 10. Bf4 e5 11. dxe5 Nxe5 12. Nxe5 dxe5 13. Qxd8+ Kxd8 14. Rad1+
Bd7 15. Be3 Ke8 16. Nb5 Bxb5 17. Bxb5+ c6 18. Bc4 g5 19. g3 Ng6 20. Rd6 Nf8 21.
Rfd1 Rh7 22. a4 Bh8 23. a5 f6 24. a6 b5 25. Be2 Rd7 26. Bh5+ Ke7 27. Bc5 Rxd6
28. Bxd6+ Ke6 29. Bxf8 Rxf8 30. Bg4+ Kf7 31. Rd7+ Kg6 32. Bf5+ 1-0